000 00954nam a2200277 i 4500
001 bg
003 BPK
005 20220714124057.0
008 970510s1995 pl a f f |000 0 pol
015 _aPB 1995/12416
020 _a838627221X
040 _aWA N
_cBPK
080 _a666.7
080 _a691
080 _a(075.8)
100 1 _aSzymański, Edward
_d(1928- )
_eAutor
245 1 0 _aWspółczesna ceramika budowlana /
_cEdward Szymański ; Politechnika Białostocka.
260 _aBiałystok :
_bWydawnictwa PB,
_c1995.
300 _a111 s. :
_bfot., rys. ;
_c23 cm.
521 _aWydawnictwo dydaktyczne Wydz. Budownictwa i Inżynierii Środowiska.
655 4 _aPodręczniki akademickie
650 4 _aCeramika budowlana
710 2 _aWydawnictwa Politechniki Białostockiej
_4pbl.
856 _uhttp://koha.tu.koszalin.pl/cgi-bin/koha/opac-detail.pl?biblionumber=7000
_yKatalog online BPK
942 _2UKD
_cKS
999 _c7000
_d7000